000 00319nam a22001217a 4500
003 OSt
008 250116b |||||||| |||| 00| 0 eng d
041 _aeng
100 _aAssociation of Energy Engineers
_96947
245 _aCorporate Energy Management Manual
260 _aGeorgia:
_bFair Merint Press,
_c1979
942 _cBK
999 _c19036
_d19036